00223nam a2200085Ia 4500008004000000082001100040100002100051245002200072260004300094210210b1963 xxu||||| |||| 00| 0 eng d a536/67 aKLEIN (Arthur H) aMasers and lasers aLondonbGeorge Allen & Unwin Ltdc1963